| 000 | 00458pab a2200169 454500 | ||
|---|---|---|---|
| 008 | 180718b1998 xxu||||| |||| 00| 0 eng d | ||
| 100 | _aIshida, Akira | ||
| 245 | _aPoverty eradiction and income distribution in Malaysia | ||
| 260 | _c1998 | ||
| 300 | _ap.327-45 | ||
| 650 | _aIncome distribution - Malaysia | ||
| 650 | _aPoverty - Malaysia | ||
| 650 | _aPoverty | ||
| 700 | _aAsmuni, Azizan | ||
| 773 | _aJournal of Contemporary Asia | ||
| 909 | _a39278 | ||
| 999 |
_c39278 _d39278 |
||